Porte della città di Bologna - Statistics

Statistiche generali
  • Questo quiz è stato fatto 64 volte
  • Il punteggio medio è 8 su 12
Statistiche sulle risposte
Hint Risposta % Corretto
Porta Saragozza 4
88%
Porta San Donato 11
85%
Porta Maggiore 9
81%
Porta Lame 12
75%
Porta San Felice 5
71%
Porta San Vitale 10
71%
Porta Santo Stefano 7
69%
Porta San Mamolo 3
67%
Porta Castiglione 8
63%
Porta Sant'Isaia 6
58%
Porta Galliera 2
56%
Porta Mascarella 1
56%
Nessun quiz corrispondente trovato
Distribuzione punteggi
Percentuale di utenti per punteggio
Percentile per numero di risposta
I tuoi punteggi nel tempo
Non hai fatto questo quiz